| 000 | 00771nam a2200217 a 4500 | ||
|---|---|---|---|
| 999 |
_c6442 _d6442 |
||
| 001 | 6442 | ||
| 003 | BD-JhCC | ||
| 005 | 20180123121025.0 | ||
| 008 | 180123s19831987bg |||| || | 000 0 ben d | ||
| 035 | _a(BD-JhCC)6442 | ||
| 040 |
_aBD-JhCC _dBD-JhCC |
||
| 041 | _aben | ||
| 082 |
_a297.19785 _bRAH 1987 |
||
| 100 | _aরহীম, মুহাম্মাদ আবদুর | ||
| 245 |
_aইসলামে অর্থনৈতিক নিরাপত্তা ও বীমা / _cমুহাম্মাদ আবদুর রহীম, |
||
| 260 |
_aঢাকা : _bইসলামিক ফাউন্ডেশন বাংলাদেশ, _c1987 |
||
| 300 |
_a146 p. : _c22 cm. |
||
| 650 |
_aIslam _xEconomics Aspects |
||
| 942 |
_2ddc _cBK |
||